Tribhuvan University Central Library

Prajna Balkrishna Pokharel abhinandan grantha - 2003 (Record no. 42418)

MARC details
000 -LEADER
fixed length control field 004730000a22002050004500
082 ## - DEWEY DECIMAL CLASSIFICATION NUMBER
Classification number N928.9551
Item number L541p
041 ## - LANGUAGE CODE
Language code of text/sound track or separate title Nep
015 ## - NATIONAL BIBLIOGRAPHY NUMBER
National bibliography number NNB
100 ## - MAIN ENTRY--PERSONAL NAME
Personal name Lekali, Radheshyam
245 ## - TITLE STATEMENT
Title Prajna Balkrishna Pokharel abhinandan grantha - 2003
260 ## - PUBLICATION, DISTRIBUTION, ETC. (IMPRINT)
Place of publication, distribution, etc Kathmandu
Name of publisher, distributor, etc Chetan Pratisthan
260 ## - PUBLICATION, DISTRIBUTION, ETC. (IMPRINT)
Date of publication, distribution, etc 2063 B.S.
300 ## - PHYSICAL DESCRIPTION
Extent 400p.
365 ## - TRADE PRICE
Price type code Rs.500.00
518 ## - DATE/TIME AND PLACE OF AN EVENT NOTE
Date/time and place of an event note 20071008
530 ## - ADDITIONAL PHYSICAL FORM AVAILABLE NOTE
Additional physical form available note M
650 ## - SUBJECT ADDED ENTRY--TOPICAL TERM
Topical term or geographic name as entry element Biography
650 ## - SUBJECT ADDED ENTRY--TOPICAL TERM
Topical term or geographic name as entry element Literary persons
942 ## - ADDED ENTRY ELEMENTS (KOHA)
Koha item type General Collections
Holdings
Withdrawn status Lost status Damaged status Not for loan Home library Current library Date acquired Total Checkouts Barcode Date last seen Price effective from Source of classification or shelving scheme Shelving location Full call number Koha item type Date checked out
        Tribhuvan University Central Library Tribhuvan University Central Library 06/20/2010   130000cs 06/20/2010 06/20/2010          
        Tribhuvan University Central Library Tribhuvan University Central Library 06/20/2010   130001 06/20/2010 06/20/2010 Dewey Decimal Classification New Building N928.9551 L541p General Collections  
        Tribhuvan University Central Library Tribhuvan University Central Library 06/20/2010   130002 06/20/2010 06/20/2010 Dewey Decimal Classification New Building N928.9551 L541p General Collections  
        Tribhuvan University Central Library Tribhuvan University Central Library 06/20/2010 1 130003 08/02/2016 06/20/2010         05/11/2016